000 00358nam a22001217a 4500
020 _a981-02-1711-0
082 _a539.7 HIG'G
100 _aGAVA, E , NARAIN, K.S , MASIERO, A
_967907
245 _aHIGH ENERGY PHYSICS AND COSMOLOGY , 1993 SUMMER SCHOOL 14 JUNE - 30 JULY, 1993
260 _aSINGAPORE
_bWORLD SCIENTIFIC
_c1994
300 _a480P
942 _cBK
999 _c575592
_d575592